00779 2200253 4500001002100000005001500021035002000036007000300056008004100059020002200100082001100122084001700133100001900150245017300169250001000342260004900352300003200401650003100433700002300464990000900487990001000496990000900506990001000515INLIS00000000000034120170920033136 a0010-0917000327ta170920 b 0 ind  a978-979-055-607-2 a297.77 a297.77 ARI e0 aAriany Syuifah1 aEnsiklopedika Pendidikan Agama Islam Empati Jilid 10 :bMewujudkan Islam dalam Sikap dan Kesalehan Ibad,ah, Kreatif, dan Sosial /cAriany Syuifah dan Safitri Lulsiana D acet.1 aBandung :bSygma Creative Media Group,c2015 a64hlm :bilus ;c20 x 29 cm aAkidah, Ahlak, Hukum Islam0 aSafitri Lulsiana D a5826 a5826a a5826 a5826a